[Event "European Hybrid Qual 2021"]
[Site "Tornelo INT"]
[Date "2021.05.29"]
[Round "3.4"]
[White "Movsesian, Sergei"]
[Black "Svane, Rasmus"]
[Result "0-1"]
[WhiteTitle "GM"]
[BlackTitle "GM"]
[WhiteElo "2647"]
[BlackElo "2615"]
[WhiteFideId "310204"]
[BlackFideId "4657101"]
[EventDate "2021.05.24"]
[EventType "k.o."]

1. e4 e5 2. Nf3 Nc6 3. Bc4 Bc5 4. d3 Nf6 5. O-O d6 6. c3 a5 7. Nbd2 O-O 8. h3
Be6 9. Bb5 Ba7 10. Re1 Ne7 11. d4 Ng6 12. Nf1 c6 13. Bd3 Nh5 14. Be3 Nhf4 15.
Bc2 exd4 16. cxd4 d5 17. e5 f6 18. Ng3 fxe5 19. dxe5 c5 20. Bb3 a4 21. Bxa4 d4
22. Bxf4 Nxf4 23. Ne4 d3 24. Nd6 c4 25. Bb5 Qb6 26. Rf1 Rad8 27. Qa4 Nxh3+ 28.
Kh1 Nxf2+ 29. Rxf2 Qxf2 30. Bxc4 Rxf3 31. Bxe6+ Kh8 32. Qg4 Rf4 33. Qh3 d2 34.
Rd1 Qe1+ 35. Kh2 Bg1+ 0-1

[Event "European Hybrid Qual 2021"]
[Site "Tornelo INT"]
[Date "2021.05.28"]
[Round "3.1"]
[White "Sanal, Vahap"]
[Black "Gabuzyan, Hovhannes"]
[Result "0-1"]
[WhiteTitle "GM"]
[BlackTitle "GM"]
[WhiteElo "2563"]
[BlackElo "2590"]
[WhiteFideId "6300545"]
[BlackFideId "13303732"]
[EventDate "2021.05.24"]
[EventType "k.o."]

1. e4 c5 2. Nf3 Nc6 3. Bb5 g6 4. O-O Bg7 5. Re1 e5 6. Bxc6 dxc6 7. d3 Qe7 8. a4
Nf6 9. a5 O-O 10. Nbd2 Ne8 11. Nc4 Nc7 12. Bg5 f6 13. Bd2 Be6 14. Rb1 Rad8 15.
h3 Bxc4 16. dxc4 Bh6 17. Qe2 Bxd2 18. Nxd2 Ne6 19. Nf3 Qc7 20. Ra1 Rf7 21. Qe3
Rfd7 22. g3 Rd6 23. Kg2 Qd7 24. Qa3 g5 25. Nh2 h5 26. Nf1 g4 27. hxg4 hxg4 28.
Ne3 Qh7 29. Nxg4 Ng5 30. Nh2 Kg7 31. Rg1 Qh3+ 32. Kh1 Rh8 33. Rg2 Qd7 0-1

[Event "European Hybrid Qual 2021"]
[Site "Tornelo INT"]
[Date "2021.05.29"]
[Round "3.2"]
[White "Gabuzyan, Hovhannes"]
[Black "Sanal, Vahap"]
[Result "1/2-1/2"]
[WhiteTitle "GM"]
[BlackTitle "GM"]
[WhiteElo "2590"]
[BlackElo "2563"]
[WhiteFideId "13303732"]
[BlackFideId "6300545"]
[EventDate "2021.05.24"]
[EventType "k.o."]

1. Nf3 Nf6 2. d4 e6 3. Bf4 b6 4. e3 Bb7 5. Nbd2 g6 6. h3 Bg7 7. a4 a5 8. Bd3 d6
9. O-O O-O 10. e4 Nc6 11. Re1 Nh5 12. Bg5 f6 13. Be3 f5 14. exf5 exf5 15. Bg5
Nf6 16. Bc4+ d5 17. Bb5 Qd6 18. Bxf6 Bxf6 19. Bxc6 Bxc6 20. Ne5 Bb7 21. Ndf3
Rae8 22. Qd2 Kg7 23. c3 h6 24. h4 Bd8 25. h5 gxh5 26. Qf4 Kh7 27. Qh2 Re7 28.
Nd3 Qxh2+ 29. Kxh2 Re4 30. Nfe5 f4 31. b4 axb4 32. cxb4 Rxd4 33. a5 f3 34. axb6
Rh4+ 35. Kg1 fxg2 36. Kxg2 cxb6 37. b5 Rg8+ 38. Kf3 Rg7 39. Nc6 Bg5 40. Re8 Rf7+
41. Kg2 Rg4+ 42. Kf1 Bf6 43. Nde5 Bxc6 44. bxc6 Bxe5 45. Rxe5 Rc4 46. Rxd5 Rxc6
47. Rxh5 Rc2 48. Rh2 Rf6 49. Rg2 Rc7 50. Rb1 Rc5 51. Re1 Rc7 52. Re5 Rb7 53. Rb5
Ra7 54. Kg1 Ra5 55. Rb2 h5 56. Rg3 Rc5 57. Rgb3 Rcc6 58. Rb5 Rh6 59. Kh2 Kg7 60.
Rd2 Kf7 61. Rd7+ Ke8 62. Rdd5 Rcf6 63. Rd2 Rc6 64. Re5+ Kf7 65. Rd7+ Kf8 66.
Rdd5 Rhf6 67. Rxh5 Rxf2+ 68. Kg3 Rf7 69. Rhf5 Rcf6 70. Rxf6 Rxf6 71. Re5 Kf7 72.
Kg4 Kg6 73. Rg5+ Kf7 74. Rf5 Ke6 75. Rxf6+ Kxf6 76. Kf4 Ke6 77. Ke4 Kd6 78. Kd4
Kc6 79. Kc4 b5+ 80. Kb4 Kb6 81. Kb3 Kc5 82. Kc3 b4+ 83. Kb3 Kb5 84. Kb2 Kc4 85.
Kc2 b3+ 86. Kb2 Kb4 87. Kb1 Ka3 88. Ka1 b2+ 89. Kb1 Kb3 1/2-1/2

[Event "European Hybrid Qual 2021"]
[Site "Tornelo INT"]
[Date "2021.05.28"]
[Round "3.1"]
[White "Plat, Vojtech"]
[Black "Paichadze, Luka"]
[Result "1/2-1/2"]
[WhiteTitle "GM"]
[BlackTitle "GM"]
[WhiteElo "2556"]
[BlackElo "2565"]
[WhiteFideId "325740"]
[BlackFideId "13602934"]
[EventDate "2021.05.24"]
[EventType "k.o."]

1. e4 c6 2. Nf3 d5 3. d3 Bg4 4. Nbd2 Nf6 5. h3 Bxf3 6. Qxf3 e5 7. Qe2 Bd6 8. g3
O-O 9. Bg2 Nbd7 10. O-O Re8 11. Nb3 a5 12. a4 Nc5 13. Nxc5 Bxc5 14. Bg5 dxe4 15.
dxe4 h6 16. Rad1 Qe7 17. Bxf6 Qxf6 18. Rd7 Re7 19. Rd3 Ree8 20. Rd7 Re7 21. Rfd1
Rxd7 22. Rxd7 b6 23. Qf3 Qe6 24. Qf5 Re8 25. Bf1 g6 26. Qxe6 Rxe6 27. Kg2 Rf6
28. f3 Rd6 29. Rxd6 Bxd6 30. Ba6 Be7 31. Bb7 c5 32. Kf2 c4 33. Ke3 c3 34. bxc3
Bc5+ 35. Kd3 Bf2 36. g4 g5 37. Kc4 f6 38. Kd5 Kf7 39. Kd6 Bc5+ 1/2-1/2

[Event "European Hybrid Qual 2021"]
[Site "Tornelo INT"]
[Date "2021.05.29"]
[Round "3.2"]
[White "Paichadze, Luka"]
[Black "Plat, Vojtech"]
[Result "1-0"]
[WhiteTitle "GM"]
[BlackTitle "GM"]
[WhiteElo "2565"]
[BlackElo "2556"]
[WhiteFideId "13602934"]
[BlackFideId "325740"]
[EventDate "2021.05.24"]
[EventType "k.o."]

1. e4 d6 2. d4 Nf6 3. Nc3 e5 4. Nf3 Nbd7 5. g4 Nxg4 6. Rg1 exd4 7. Nxd4 Ngf6 8.
Qe2 c6 9. Bf4 Ne5 10. O-O-O Qc7 11. Bg5 Ng6 12. f4 h6 13. Bxf6 gxf6 14. Qh5 Nxf4
15. Qh4 Ng6 16. Qxf6 Rg8 17. Bb5 Qd8 18. Nd5 Be6 1-0

[Event "European Hybrid Qual 2021"]
[Site "Tornelo INT"]
[Date "2021.05.28"]
[Round "3.1"]
[White "Ter-Sahakyan, Samvel"]
[Black "Alekseev, Evgeny"]
[Result "0-1"]
[WhiteTitle "GM"]
[BlackTitle "GM"]
[WhiteElo "2645"]
[BlackElo "2617"]
[WhiteFideId "13302531"]
[BlackFideId "4138147"]
[EventDate "2021.05.24"]
[EventType "k.o."]

1. e4 e5 2. Nf3 Nc6 3. Bb5 Nf6 4. d3 Bc5 5. c3 O-O 6. O-O d6 7. h3 Ne7 8. d4 Bb6
9. Re1 Ng6 10. Nbd2 c6 11. Bd3 Re8 12. Nc4 Bc7 13. dxe5 dxe5 14. a4 h6 15. Qc2
Nh7 16. Ne3 Nf4 17. Bf1 Ng5 18. Nh2 Qf6 19. h4 Nge6 20. g3 Qg6 21. Kh1 Nh5 22.
Bg2 Nf6 23. Nc4 b5 24. axb5 cxb5 25. Na5 Nc5 26. b4 Nb7 27. c4 bxc4 28. Nxc4 Be6
29. Be3 Rec8 30. Qe2 a5 31. bxa5 Bxc4 32. Qxc4 Bxa5 33. Qb5 Bxe1 34. Rxe1 Nd6
35. Qxe5 Ndxe4 36. Kg1 Re8 37. Qb2 Rab8 38. Qc2 Qf5 39. Qa2 Nc3 40. Qd2 Ncd5 41.
Nf1 Rbd8 42. Qa2 Nxe3 43. Nxe3 Qc5 44. Qb2 Qd4 45. Qa2 Ng4 46. Bc6 Qc3 47. Rb1
Rxe3 0-1

[Event "European Hybrid Qual 2021"]
[Site "Tornelo INT"]
[Date "2021.05.29"]
[Round "3.2"]
[White "Alekseev, Evgeny"]
[Black "Ter-Sahakyan, Samvel"]
[Result "1/2-1/2"]
[WhiteTitle "GM"]
[BlackTitle "GM"]
[WhiteElo "2617"]
[BlackElo "2645"]
[WhiteFideId "4138147"]
[BlackFideId "13302531"]
[EventDate "2021.05.24"]
[EventType "k.o."]

1. e4 c5 2. Nf3 Nc6 3. Bb5 e6 4. O-O Nge7 5. Re1 a6 6. Bxc6 Nxc6 7. d4 cxd4 8.
Nxd4 Qc7 9. Nc3 Bd6 10. Kh1 Nxd4 11. Qxd4 O-O 12. Be3 f5 13. Rad1 Be5 14. Qb6
Qxb6 15. Bxb6 fxe4 16. Rxe4 Bxc3 17. bxc3 d5 18. Re2 Rf4 19. Rd4 Rxd4 20. cxd4
Bd7 21. c3 Rc8 22. Bc5 Rc6 23. Rb2 b5 24. Re2 Be8 25. f3 Bg6 26. h4 Kf7 27. Kh2
Rc8 28. g4 h6 29. Kg3 Kf6 30. a3 Bd3 31. Re3 Bh7 32. Re2 g5 33. h5 Rc7 34. Re3
Kf7 35. Re2 Rc8 36. Re3 Kf6 37. Re2 Bg8 38. Re1 Bf7 39. Re2 Be8 40. Re1 Bd7 41.
Re3 a5 42. Re2 e5 43. dxe5+ Ke6 44. Bd4 Rc4 45. Rb2 Ra4 46. Rb3 Rc4 47. Kf2 b4
48. axb4 a4 49. Ra3 Rc8 50. Ke3 Rf8 51. Ra1 Bb5 52. Ra3 Ra8 53. Kd2 Kd7 54. Ke3
Kc6 55. Bc5 Kd7 56. Bb6 Ra6 57. Bc5 Re6 58. Bd4 Re8 59. Ra1 Kc6 60. Ra3 Ra8 61.
Bc5 Bc4 62. e6 d4+ 63. Kxd4 Bxe6 64. c4 Rd8+ 65. Kc3 Ra8 66. Kd4 Rd8+ 67. Kc3
Ra8 68. Kd4 1/2-1/2

[Event "European Hybrid Qual 2021"]
[Site "Tornelo INT"]
[Date "2021.05.28"]
[Round "3.1"]
[White "Kuzubov, Yuriy"]
[Black "Sargsyan, Shant"]
[Result "1/2-1/2"]
[WhiteTitle "GM"]
[BlackTitle "GM"]
[WhiteElo "2642"]
[BlackElo "2618"]
[WhiteFideId "14112906"]
[BlackFideId "13306766"]
[EventDate "2021.05.24"]
[EventType "k.o."]

1. d4 Nf6 2. Nf3 d5 3. c4 e6 4. Nc3 Bb4 5. Bg5 h6 6. Bxf6 Qxf6 7. e3 O-O 8. Rc1
Nc6 9. cxd5 exd5 10. a3 Bxc3+ 11. Rxc3 Ne7 12. Bd3 c6 13. Ne5 Bf5 14. O-O Rfe8
15. b4 a6 16. a4 Ng6 17. Nxg6 Qxg6 18. Bxf5 Qxf5 19. Qb3 Re6 20. Qc2 Qxc2 21.
Rxc2 Kf8 22. h3 Ke7 23. b5 axb5 24. axb5 Kd7 25. Rb1 Kc7 26. g4 Ra4 27. Rbc1 Ra5
28. bxc6 Rxc6 29. Rxc6+ bxc6 30. Kf1 Kd6 31. Ke2 c5 32. dxc5+ Rxc5 33. Rxc5 Kxc5
34. Kd3 g5 35. Kc3 Kc6 36. Kd4 Kd6 37. f3 f6 38. f4 Kc6 39. fxg5 hxg5 40. e4 1/2-1/2

[Event "European Hybrid Qual 2021"]
[Site "Tornelo INT"]
[Date "2021.05.29"]
[Round "3.2"]
[White "Sargsyan, Shant"]
[Black "Kuzubov, Yuriy"]
[Result "1-0"]
[WhiteTitle "GM"]
[BlackTitle "GM"]
[WhiteElo "2618"]
[BlackElo "2642"]
[WhiteFideId "13306766"]
[BlackFideId "14112906"]
[EventDate "2021.05.24"]
[EventType "k.o."]

1. d4 Nf6 2. c4 e6 3. Nf3 d5 4. Nc3 Nbd7 5. Bf4 dxc4 6. e3 Nd5 7. Bxc4 Nxf4 8.
exf4 Nb6 9. Bd3 g6 10. h4 Bg7 11. h5 Qe7 12. Be4 Nd5 13. h6 Bf6 14. Ne5 Nxc3 15.
bxc3 O-O 16. Rb1 c6 17. Qb3 Rd8 18. Rh3 Qc7 19. Re3 Rd6 20. Kf1 b6 21. Kg1 Bb7
22. a4 Rad8 23. Bf3 Ba6 24. Rbe1 Kf8 25. Qa3 Kg8 26. a5 Bb7 27. axb6 axb6 28.
Qb3 Bxe5 29. Rxe5 Bc8 30. Ra1 R6d7 31. Qb4 Bb7 32. Qb2 c5 33. Ra7 Qc8 34. Rxb7
Rxb7 35. Bxb7 Qxb7 36. Rxc5 Qe4 37. Qxb6 Rf8 38. g3 Qe1+ 39. Kg2 Qe4+ 40. Kh2
Qe2 41. Qb7 Qxf2+ 42. Qg2 Qe3 43. Qb2 Rd8 44. Re5 Qf3 45. c4 Rf8 46. d5 exd5 47.
Rxd5 f6 48. Qd2 Re8 49. Rd8 Kf7 50. Qd7+ Re7 51. Qd5+ Qxd5 52. cxd5 g5 53. f5
Re5 54. g4 Re8 55. Rd6 Re4 56. Kg3 Re3+ 57. Kf2 Re5 58. Rd7+ Kf8 59. Rxh7 Rxd5
60. Rh8+ Kf7 61. Ra8 Rd2+ 62. Ke3 Ra2 63. Rxa2 1-0

[Event "European Hybrid Qual 2021"]
[Site "Tornelo INT"]
[Date "2021.05.28"]
[Round "3.1"]
[White "Motylev, Alexander"]
[Black "Ivic, Velimir"]
[Result "1/2-1/2"]
[WhiteTitle "GM"]
[BlackTitle "GM"]
[WhiteElo "2641"]
[BlackElo "2581"]
[WhiteFideId "4121830"]
[BlackFideId "950122"]
[EventDate "2021.05.24"]
[EventType "k.o."]

1. e4 c5 2. Nf3 Nc6 3. Bb5 e6 4. Bxc6 bxc6 5. d3 Qc7 6. O-O Ne7 7. h4 d6 8. h5
h6 9. Nh2 g5 10. hxg6 Nxg6 11. f4 Rg8 12. Qh5 Qe7 13. Nf3 Qf6 14. Qh2 d5 15. Nc3
Ba6 16. f5 exf5 17. exf5 Qxf5 18. Bxh6 O-O-O 19. Ng5 Qg4 20. Rxf7 Bd6 21. Qh3
Ne5 22. Rxa7 Bb7 23. Ra4 c4 24. dxc4 Bc5+ 25. Kh1 Rd6 26. cxd5 Qxh3+ 27. Nxh3
Rxh6 28. Ne4 Be3 29. Re1 Ng4 30. Rc4 Kb8 31. Nc5 Bxc5 32. Rxc5 cxd5 33. Kg1 d4
34. Rg5 Rxg5 35. Re8+ Ka7 36. Nxg5 Rg6 37. Ne6 Ne3 38. Kh2 Rxg2+ 39. Kh3 Nxc2
40. Rd8 Rd2 41. b4 Be4 42. Kg3 d3 43. Nc5 Bf5 44. Kf4 Rf2+ 45. Kg3 Rf1 46. Nxd3
Rd1 47. Ne5 Rxd8 48. Nc6+ Kb6 49. Nxd8 Nxb4 50. Kf4 Nxa2 51. Kxf5 1/2-1/2

[Event "European Hybrid Qual 2021"]
[Site "Tornelo INT"]
[Date "2021.05.29"]
[Round "3.3"]
[White "Ivic, Velimir"]
[Black "Motylev, Alexander"]
[Result "0-1"]
[WhiteTitle "GM"]
[BlackTitle "GM"]
[WhiteElo "2581"]
[BlackElo "2641"]
[WhiteFideId "950122"]
[BlackFideId "4121830"]
[EventDate "2021.05.24"]
[EventType "k.o."]

1. e4 e5 2. Nf3 Nc6 3. Bb5 Nf6 4. O-O Nxe4 5. d4 Nd6 6. Ba4 exd4 7. c3 Be7 8.
cxd4 O-O 9. Re1 b5 10. Bb3 Bf6 11. Nc3 Nf5 12. Bd5 Rb8 13. Ne4 Nfxd4 14. Nfg5
Ne6 15. Qh5 h6 16. Nf3 Nb4 17. Nxf6+ Qxf6 18. Be4 d5 19. Bb1 c6 20. Bd2 Qxb2 21.
Bf5 c5 22. a3 Nc6 23. Rac1 Qf6 24. Bxe6 fxe6 25. Rxc5 Nd4 26. Bc3 Nxf3+ 27. Qxf3
Qxf3 28. gxf3 Rb7 29. Be5 Bd7 30. f4 Rc8 31. Rxc8+ Bxc8 32. Rc1 Bd7 33. Bc7 b4
34. axb4 Rxb4 35. Be5 Rb7 36. Ra1 Bb5 37. f3 a6 38. Kf2 Bc4 39. h4 h5 40. Ra5
Kf7 41. Rc5 Ra7 42. Bb8 Rb7 43. Be5 Bb5 44. Bc3 Bd7 45. Ke3 g6 46. Kd2 Ke7 47.
Be5 Rb3 48. Rc7 a5 49. Ra7 a4 50. Bd4 Rxf3 51. Bc5+ Kd8 52. Bd6 Bb5 53. Ra5 Kd7
54. Be5 Rb3 55. Kc2 Bd3+ 56. Kd2 Bb5 57. Kc2 Kc6 58. Ra8 Rh3 59. Bf6 Kb7 60. Rg8
a3 61. Rxg6 Bd3+ 0-1

[Event "European Hybrid Qual 2021"]
[Site "Tornelo INT"]
[Date "2021.05.29"]
[Round "3.4"]
[White "Motylev, Alexander"]
[Black "Ivic, Velimir"]
[Result "1/2-1/2"]
[WhiteTitle "GM"]
[BlackTitle "GM"]
[WhiteElo "2641"]
[BlackElo "2581"]
[WhiteFideId "4121830"]
[BlackFideId "950122"]
[EventDate "2021.05.24"]
[EventType "k.o."]

1. e4 c5 2. Nf3 e6 3. c3 Nf6 4. e5 Nd5 5. d4 cxd4 6. cxd4 d6 7. Bc4 Be7 8. O-O
O-O 9. Bxd5 exd5 10. Nc3 dxe5 11. Nxe5 Be6 12. Bf4 Qb6 13. Na4 Qb4 14. a3 Qb5
15. b4 b6 16. Nc3 Qe8 17. Re1 Nc6 18. Nb5 Rc8 19. Nxc6 Rxc6 20. Nxa7 Rc4 21. b5
Qd7 22. Nc6 Bf6 23. a4 Ra8 24. Be5 Bg5 25. Bg3 Rc3 26. Qe2 h6 27. Qb2 Rc4 28.
Ne5 Qb7 29. Nxc4 dxc4 30. Qc3 h5 31. h4 Bf6 32. f3 Qd7 33. Bf2 Rc8 34. a5 bxa5
35. Rxa5 Bd8 36. Raa1 Qxb5 37. Re5 Qd7 38. Rxh5 Bf5 39. Re1 Bf6 40. g4 Bxg4 41.
Ra5 Bf5 42. Kg2 Bd3 43. Qa3 Bxd4 44. Bxd4 Qxd4 45. Ra8 Rxa8 46. Qxa8+ Kh7 47.
Qa5 Bg6 48. Qe5 Qd2+ 49. Re2 Qd1 50. Re1 Qb3 51. Re3 Qb7 52. Qd4 Qb5 53. Qe5 Qd7
54. Kg3 Bd3 55. Qh5+ Kg8 56. Qe5 Qa7 57. Qe8+ Kh7 58. Qe5 Bg6 59. Re1 Qa3 60.
Re3 Qa2 61. Re2 Qa6 62. Re1 f6 63. Qd4 Qc6 64. Rc1 Bh5 65. Qe4+ Qxe4 66. fxe4
Be2 67. Kf4 Kh6 68. Ke3 Bd3 69. Rg1 g6 70. Kd4 Kh5 71. Ke3 Bc2 72. Rg2 Ba4 73.
Kd4 Bc6 74. Rf2 f5 75. exf5 gxf5 76. Rxf5+ Kxh4 77. Rc5 Bg2 1/2-1/2

[Event "European Hybrid Qual 2021"]
[Site "Tornelo INT"]
[Date "2021.05.28"]
[Round "3.1"]
[White "Ponkratov, Pavel"]
[Black "Agdestein, Simen"]
[Result "1-0"]
[WhiteTitle "GM"]
[BlackTitle "GM"]
[WhiteElo "2624"]
[BlackElo "2552"]
[WhiteFideId "4157800"]
[BlackFideId "1500015"]
[EventDate "2021.05.24"]
[EventType "k.o."]

1. e4 c5 2. Nf3 e6 3. d4 cxd4 4. Nxd4 Nf6 5. Nc3 Nc6 6. a3 d6 7. Be3 Be7 8. f4
O-O 9. Qf3 e5 10. Nde2 Bg4 11. Qf2 b5 12. h3 b4 13. axb4 Nxb4 14. Ng3 exf4 15.
Bxf4 Be6 16. Bd3 d5 17. O-O Nxd3 18. cxd3 dxe4 19. dxe4 Nd7 20. Kh1 Bc5 21. Qf3
Qf6 22. Rad1 Rad8 23. Nh5 Qg6 24. Bc7 Rc8 25. Bg3 Nb6 26. Nf4 Qh6 27. Nd3 Bc4
28. Rfe1 Bd4 29. Ne2 Bf6 30. Bf4 Qg6 31. Bd6 Rfe8 32. Nef4 Qh6 33. e5 Bg5 34.
Ra1 a6 35. Re4 Bb5 36. Rd4 Rc4 37. Ne2 Bc6 38. Qg4 Rc2 39. Nb4 Bd7 40. Qf3 Rxb2
41. Bc5 Bb5 42. Rd6 Qh4 43. e6 fxe6 44. Nc3 Nd7 45. Rd4 Qh6 46. Nxb5 Nxc5 47.
Qc6 Rf8 48. Qxc5 axb5 49. Nd3 Rd2 50. Rd7 Bf6 51. Qxf8+ 1-0

[Event "European Hybrid Qual 2021"]
[Site "Tornelo INT"]
[Date "2021.05.29"]
[Round "3.2"]
[White "Agdestein, Simen"]
[Black "Ponkratov, Pavel"]
[Result "1/2-1/2"]
[WhiteTitle "GM"]
[BlackTitle "GM"]
[WhiteElo "2552"]
[BlackElo "2624"]
[WhiteFideId "1500015"]
[BlackFideId "4157800"]
[EventDate "2021.05.24"]
[EventType "k.o."]

1. d4 Nf6 2. c4 e6 3. Nc3 Bb4 4. a3 Bxc3+ 5. bxc3 c5 6. e3 Nc6 7. Bd3 b6 8. e4
e5 9. d5 Na5 10. f4 d6 11. Nf3 Bg4 12. fxe5 dxe5 13. Bg5 h6 14. Bh4 Qd6 15. h3
Bxf3 16. Qxf3 Nd7 17. O-O f6 18. Be2 O-O-O 19. Bf2 Kc7 20. Qg3 Qe7 21. Rab1 Nb8
22. Qd3 Na6 23. Qc2 Kd6 24. Rb5 Rb8 25. Qa4 Qc7 26. Bg4 Rhd8 27. Be3 Ke7 28. Rf3
Qd6 29. h4 Nc7 30. Rb1 Rh8 31. Bf5 Ra8 32. Rg3 Ne8 33. Rg6 Nb7 34. Qd1 Kd8 35.
Qg4 Qe7 36. d6 Nbxd6 37. Rd1 Kc7 38. Be6 h5 39. Qh3 Rd8 40. Rc1 Nxe4 41. Bd5
Rxd5 42. cxd5 Qf7 43. Qe6 Qxe6 44. dxe6 Kd6 45. g4 1/2-1/2

[Event "European Hybrid Qual 2021"]
[Site "Tornelo INT"]
[Date "2021.05.28"]
[Round "3.1"]
[White "Martirosyan, Haik M."]
[Black "Petrosyan, Manuel"]
[Result "1-0"]
[WhiteTitle "GM"]
[BlackTitle "GM"]
[WhiteElo "2637"]
[BlackElo "2625"]
[WhiteFideId "13306553"]
[BlackFideId "13300857"]
[EventDate "2021.05.24"]
[EventType "k.o."]

1. d4 Nf6 2. c4 e6 3. Nf3 d5 4. Nc3 Bb4 5. cxd5 exd5 6. Bf4 Ne4 7. Rc1 Nc6 8.
Nd2 g5 9. Be3 Nxc3 10. bxc3 Ba3 11. Rb1 f5 12. g3 Bd6 13. Nf3 f4 14. Bc1 O-O 15.
Rb5 g4 16. Nh4 Ne7 17. e3 f3 18. Bd3 a6 19. Rb1 Nf5 20. Nxf5 Bxf5 21. c4 b5 22.
cxd5 Qd7 23. Qc2 Rae8 24. Kd2 Bxd3 25. Qxd3 Qf5 26. Qxf5 Rxf5 27. Kd3 Rxd5 28.
e4 Rh5 29. Bf4 Rd8 30. Rbc1 b4 31. d5 Rb8 32. Rc6 b3 33. Bxd6 cxd6 34. Rb1 Rxh2
35. Ke3 Kf7 36. Rxa6 Ke7 37. Ra7+ Kf6 38. Rxb3 Rxb3+ 39. axb3 h5 40. Rd7 Kg5 41.
Rxd6 Rh1 42. Rd8 Re1+ 43. Kd4 Re2 44. d6 Rxf2 45. d7 Rd2+ 46. Ke3 f2 47. Kxd2
f1=Q 48. Rg8+ Kh6 49. d8=Q Qf2+ 50. Kd1 Qf3+ 51. Kc2 1-0

[Event "European Hybrid Qual 2021"]
[Site "Tornelo INT"]
[Date "2021.05.29"]
[Round "3.2"]
[White "Petrosyan, Manuel"]
[Black "Martirosyan, Haik M."]
[Result "1/2-1/2"]
[WhiteTitle "GM"]
[BlackTitle "GM"]
[WhiteElo "2625"]
[BlackElo "2637"]
[WhiteFideId "13300857"]
[BlackFideId "13306553"]
[EventDate "2021.05.24"]
[EventType "k.o."]

1. d4 Nf6 2. c4 e6 3. Nf3 d5 4. Nc3 Be7 5. Bf4 O-O 6. a3 dxc4 7. e3 Nd5 8. Bxc4
Nxf4 9. exf4 Nc6 10. Qd3 Bf6 11. Rd1 b6 12. Ne4 Ne7 13. Nfg5 Bxg5 14. Nxg5 g6
15. h4 h6 16. Ne4 Nd5 17. Qg3 Nf6 18. Nxf6+ Qxf6 19. h5 Kg7 20. Qh2 Rh8 21. hxg6
fxg6 22. f5 Qxf5 23. Bd3 Qd5 24. Qh4 Qg5 25. Qxg5 hxg5 26. Rxh8 Kxh8 27. Be4 Rb8
28. Rc1 Bb7 29. Bxb7 Rxb7 30. Rc6 Kg7 31. Ke2 Kf7 32. Kf3 Ke7 33. Kg4 Kd7 34.
Rc2 b5 35. Kxg5 b4 36. axb4 Rxb4 37. Rd2 Rb5+ 38. Kxg6 Rd5 39. b4 a5 40. bxa5
Rxa5 41. f4 Rd5 42. Rf2 Rxd4 43. Kf6 c5 44. g4 c4 45. g5 Rd5 46. g6 Rf5+ 47. Kg7
Ke7 48. Kh6 c3 49. Rc2 Rxf4 50. Rxc3 Kf6 51. Rh3 e5 52. g7 Kf7 53. Kh7 Rg4 54.
Rf3+ Ke6 55. Rf8 e4 56. g8=Q+ Rxg8 57. Rxg8 Kf5 58. Kh6 e3 59. Kh5 Kf4 60. Rf8+
Kg3 61. Re8 Kf2 62. Kg4 e2 63. Rxe2+ Kxe2 1/2-1/2

[Event "European Hybrid Qual 2021"]
[Site "Tornelo INT"]
[Date "2021.05.28"]
[Round "3.1"]
[White "Gledura, Benjamin"]
[Black "Deac, Bogdan-Daniel"]
[Result "1/2-1/2"]
[WhiteTitle "GM"]
[BlackTitle "GM"]
[WhiteElo "2633"]
[BlackElo "2627"]
[WhiteFideId "712779"]
[BlackFideId "1226380"]
[EventDate "2021.05.24"]
[EventType "k.o."]

1. Nf3 d5 2. g3 Nf6 3. Bg2 e6 4. O-O Be7 5. c4 O-O 6. b3 b6 7. d4 Bb7 8. Nc3 c5
9. dxc5 dxc4 10. cxb6 cxb3 11. bxa7 Qxd1 12. Rxd1 Rxa7 13. a4 Nc6 14. Be3 Raa8
15. Nd4 Nxd4 16. Bxb7 Rab8 17. Bxd4 Rxb7 18. Nb5 Ne4 19. Rab1 1/2-1/2

[Event "European Hybrid Qual 2021"]
[Site "Tornelo INT"]
[Date "2021.05.29"]
[Round "3.2"]
[White "Deac, Bogdan-Daniel"]
[Black "Gledura, Benjamin"]
[Result "1-0"]
[WhiteTitle "GM"]
[BlackTitle "GM"]
[WhiteElo "2627"]
[BlackElo "2633"]
[WhiteFideId "1226380"]
[BlackFideId "712779"]
[EventDate "2021.05.24"]
[EventType "k.o."]

1. e4 c5 2. Nf3 e6 3. d4 cxd4 4. Nxd4 Nf6 5. Nc3 Nc6 6. Ndb5 d6 7. Bf4 e5 8. Bg5
a6 9. Na3 b5 10. Bxf6 gxf6 11. Nd5 f5 12. Bd3 Be6 13. c3 Bg7 14. Qh5 f4 15. Nc2
O-O 16. g3 f5 17. gxf4 exf4 18. O-O-O Ne5 19. Rhg1 Bf7 20. Qh3 Nxd3+ 21. Qxd3
Bg6 22. Nxf4 Bh6 23. exf5 Bxf4+ 24. Kb1 Bxh2 25. Rg2 Be5 26. fxg6 Ra7 27. gxh7+
Kh8 28. Rg8+ Rxg8 29. hxg8=Q+ Kxg8 30. Qd5+ 1-0

[Event "European Hybrid Qual 2021"]
[Site "Tornelo INT"]
[Date "2021.05.28"]
[Round "3.1"]
[White "Hovhannisyan, Robert"]
[Black "Yilmaz, Mustafa"]
[Result "1-0"]
[WhiteTitle "GM"]
[BlackTitle "GM"]
[WhiteElo "2632"]
[BlackElo "2630"]
[WhiteFideId "13302507"]
[BlackFideId "6302718"]
[EventDate "2021.05.24"]
[EventType "k.o."]

1. e4 c5 2. Nf3 d6 3. d4 cxd4 4. Qxd4 Nc6 5. Bb5 Bd7 6. Qd3 g6 7. c4 Bg7 8. Nc3
Nf6 9. O-O O-O 10. h3 a6 11. Bxc6 Bxc6 12. Nd4 Qb6 13. Nxc6 bxc6 14. b3 Nd7 15.
Qc2 Nc5 16. Be3 a5 17. Na4 Qc7 18. Bxc5 dxc5 19. Rae1 Bd4 20. e5 Bxe5 21. Qe4
Bh2+ 22. Kh1 Bd6 23. Qe3 Rad8 24. Nxc5 Bf4 25. Qe4 Rd2 26. Nd3 Bh6 27. Re2 Rxe2
28. Qxe2 Rd8 29. Rd1 Rd4 30. Ne1 Rxd1 31. Qxd1 Qe5 32. Nf3 Qc7 33. c5 Bf8 34.
Qd4 Bg7 35. Qd2 f5 36. b4 a4 37. Qd1 Qf4 38. b5 Be5 39. Nxe5 Qxe5 40. b6 Qb2 41.
Qxa4 Qxf2 42. Qb3+ Kg7 43. Qc3+ Kh6 44. Qc1+ g5 45. b7 Qg3 46. Qb1 Qb8 47. Qb6
Kg7 48. Qb2+ Kf7 49. a4 g4 50. a5 h5 51. a6 h4 52. hxg4 fxg4 53. a7 Qf4 54. b8=Q
Qf1+ 55. Kh2 g3+ 56. Kh3 Qh1+ 57. Kg4 Qd1+ 58. Kxh4 1-0

[Event "European Hybrid Qual 2021"]
[Site "Tornelo INT"]
[Date "2021.05.29"]
[Round "3.2"]
[White "Yilmaz, Mustafa"]
[Black "Hovhannisyan, Robert"]
[Result "1-0"]
[WhiteTitle "GM"]
[BlackTitle "GM"]
[WhiteElo "2630"]
[BlackElo "2632"]
[WhiteFideId "6302718"]
[BlackFideId "13302507"]
[EventDate "2021.05.24"]
[EventType "k.o."]

1. d4 Nf6 2. c4 e6 3. Nc3 Bb4 4. Qc2 d5 5. a3 Bxc3+ 6. Qxc3 O-O 7. Bg5 h6 8.
Bxf6 Qxf6 9. Nf3 c6 10. h4 c5 11. cxd5 exd5 12. Qxc5 Nc6 13. e3 Bf5 14. Qxd5
Rfd8 15. Qb3 Be4 16. Be2 Qg6 17. O-O Qg4 18. Rfc1 Rd6 19. Qd1 Rf6 20. h5 Rd8 21.
Rc5 b6 22. Rc3 Ne7 23. Rac1 Nd5 24. Rc4 g5 25. hxg6 Rxg6 26. Ne1 Qg5 27. Bf3
Bxf3 28. Qxf3 Rdd6 29. Rc8+ Kg7 30. Re8 Rde6 31. Rcc8 Rxe8 32. Rxe8 Nf6 33. Re5
Qh4 34. Rf5 h5 35. Nd3 Qg4 36. Qxg4 hxg4 37. Ne5 Rh6 38. g3 a5 39. Kg2 Rh8 40.
Rg5+ Kf8 41. Nxg4 Nxg4 42. Rxg4 Rh5 43. a4 b5 44. b3 Ke7 45. Rh4 1-0